000 00642nam a2200253Ia 4500
003 OSt
005 20220912152425.0
006 a|||||r|||| 00| 0
007 ta
008 220909b |||||||| |||| 00| 0 eng d
024 _a48251
037 _cTextual
040 _aCSL
_beng
_cCSL
041 _aeng
082 _aD65:4:78, J2;3
100 _aTerman F E
245 0 _aElectronic measurment
260 _c1952
300 _ap.
_ccm.
490 _aMcGraw Hill electrical and electronic engineering series
650 _aComputer science
942 _hD65:4:78, J2;3
_cTEXL
_2CC
999 _c85684
_d85684